00392pab a2200145 454500008004000000100002200040245005800062260000900120300001600129362001000145650002400155650001600179700001700195773003400212180718b2007 xxu||||| |||| 00| 0 eng d aMorris, Sebastian aTowards reform of land acquisition framework in India c2007 ap.2083-090. a2 Jun aLand tenure - India aLand tenure aPandey, Ajay aEconomic and Political Weekly